<?xml version="1.0" encoding="UTF-8"?>
<collection xmlns="http://www.loc.gov/MARC21/slim">
 <record>
  <leader>02194pam a22002538a 4500</leader>
  <controlfield tag="001">00022620</controlfield>
  <controlfield tag="005">20171026081025.0</controlfield>
  <controlfield tag="008">110601s2007                  ||||||Viesd</controlfield>
  <datafield tag="041" ind1="0" ind2="#">
   <subfield code="a">Vie</subfield>
  </datafield>
  <datafield tag="082" ind1="1" ind2="#">
   <subfield code="a">745</subfield>
   <subfield code="b">GI108TR</subfield>
  </datafield>
  <datafield tag="100" ind1="0" ind2="#">
   <subfield code="a">Nguyễn Thế Hùng</subfield>
   <subfield code="e">Chủ biên</subfield>
  </datafield>
  <datafield tag="245" ind1="0" ind2="0">
   <subfield code="a">Giáo trình trang trí</subfield>
   <subfield code="b">Sách dành cho cao đẳng sư phạm</subfield>
   <subfield code="c">Nguyễn Thế Hùng, Nguyễn Thị Nhung</subfield>
   <subfield code="n">T.3</subfield>
  </datafield>
  <datafield tag="260" ind1="#" ind2="#">
   <subfield code="a">H.</subfield>
   <subfield code="b">Đại học sư phạm</subfield>
   <subfield code="c">2007</subfield>
  </datafield>
  <datafield tag="300" ind1="#" ind2="#">
   <subfield code="a">194 tr.</subfield>
   <subfield code="c">21 cm.</subfield>
  </datafield>
  <datafield tag="490" ind1="0" ind2="#">
   <subfield code="a">ĐTTS ghi: Bộ Giáo Dục và Đào Tạo - Dự án đào tạo giáo viên trung học cơ sở</subfield>
  </datafield>
  <datafield tag="653" ind1="#" ind2="#">
   <subfield code="a">Mĩ thuật</subfield>
  </datafield>
  <datafield tag="653" ind1="#" ind2="#">
   <subfield code="a">Trang trí</subfield>
  </datafield>
  <datafield tag="700" ind1="0" ind2="#">
   <subfield code="a">Nguyễn Thị Nhung</subfield>
  </datafield>
  <datafield tag="852" ind1="#" ind2="#">
   <subfield code="b">Kho giáo trình</subfield>
   <subfield code="j">KGT.0014007, KGT.0014008, KGT.0014009, KGT.0014010, KGT.0014011, KGT.0014012, KGT.0014013, KGT.0014014, KGT.0014015, KGT.0014016, KGT.0014017, KGT.0014018, KGT.0014019, KGT.0014020, KGT.0014021, KGT.0014022, KGT.0014023, KGT.0014024, KGT.0014025, KGT.0014026, KGT.0014027, KGT.0014028, KGT.0014029, KGT.0014030, KGT.0014031, KGT.0014032, KGT.0014033, KGT.0014034, KGT.0014035, KGT.0014036, KGT.0014037, KGT.0014038, KGT.0014039, KGT.0014040, KGT.0014041, KGT.0014042, KGT.0014043, KGT.0014044, KGT.0014045, KGT.0014046, KGT.0014047, KGT.0032731, KGT.0033153, KGT.0033154, KGT.0033368, KGT.0033388, KGT.0033592</subfield>
  </datafield>
  <datafield tag="852" ind1="#" ind2="#">
   <subfield code="b">Kho mượn</subfield>
   <subfield code="j">KGT.0014007</subfield>
  </datafield>
  <datafield tag="852" ind1="#" ind2="#">
   <subfield code="b">Kho đọc</subfield>
   <subfield code="j">KD.0009036</subfield>
  </datafield>
  <datafield tag="852" ind1="#" ind2="#">
   <subfield code="j">KGT.0014007</subfield>
   <subfield code="j">KGT.0014008</subfield>
   <subfield code="j">KGT.0014010</subfield>
   <subfield code="j">KGT.0014011</subfield>
   <subfield code="j">KGT.0014013</subfield>
   <subfield code="j">KGT.0014014</subfield>
   <subfield code="j">KGT.0014016</subfield>
   <subfield code="j">KGT.0014017</subfield>
   <subfield code="j">KGT.0014021</subfield>
   <subfield code="j">KGT.0014022</subfield>
   <subfield code="j">KGT.0014024</subfield>
   <subfield code="j">KGT.0014025</subfield>
   <subfield code="j">KGT.0014029</subfield>
   <subfield code="j">KGT.0014031</subfield>
   <subfield code="j">KGT.0014032</subfield>
   <subfield code="j">KGT.0014034</subfield>
   <subfield code="j">KGT.0014035</subfield>
   <subfield code="j">KGT.0014039</subfield>
   <subfield code="j">KGT.0014040</subfield>
   <subfield code="j">KGT.0014042</subfield>
   <subfield code="j">KGT.0014043</subfield>
   <subfield code="j">KGT.0014045</subfield>
   <subfield code="j">KGT.0014047</subfield>
   <subfield code="j">KGT.0033154</subfield>
   <subfield code="j">KGT.0032731</subfield>
   <subfield code="j">KGT.0033388</subfield>
   <subfield code="j">KGT.0033592</subfield>
   <subfield code="j">KGT.0014018</subfield>
   <subfield code="j">KGT.0014019</subfield>
   <subfield code="j">KGT.0014027</subfield>
   <subfield code="j">KGT.0014028</subfield>
   <subfield code="j">KGT.0014037</subfield>
   <subfield code="j">KGT.0014038</subfield>
   <subfield code="j">KD.0009036</subfield>
   <subfield code="j">KGT.0033368</subfield>
   <subfield code="j">KGT.0033153</subfield>
   <subfield code="j">KGT.0014009</subfield>
   <subfield code="j">KGT.0014012</subfield>
   <subfield code="j">KGT.0014015</subfield>
   <subfield code="j">KGT.0014020</subfield>
   <subfield code="j">KGT.0014023</subfield>
   <subfield code="j">KGT.0014026</subfield>
   <subfield code="j">KGT.0014030</subfield>
   <subfield code="j">KGT.0014033</subfield>
   <subfield code="j">KGT.0014036</subfield>
   <subfield code="j">KGT.0014041</subfield>
   <subfield code="j">KGT.0014044</subfield>
   <subfield code="j">KGT.0014046</subfield>
  </datafield>
  <datafield tag="910" ind1="#" ind2="#">
   <subfield code="a">kìm</subfield>
   <subfield code="d">01/06/2011</subfield>
  </datafield>
  <datafield tag="980" ind1="#" ind2="#">
   <subfield code="a">Trung tâm Học liệu Lê Vũ Hùng, Trường Đại học Đồng Tháp</subfield>
  </datafield>
 </record>
</collection>
